| 000 | 01121nam a22003497a 4500 | ||
|---|---|---|---|
| 003 | CHAP | ||
| 005 | 20220329140249.0 | ||
| 008 | 971013s1982 r 00010 d | ||
| 010 | _a49426 | ||
| 011 | _a50398 | ||
| 035 | _a54548 | ||
| 040 | _cCHAP | ||
| 082 |
_a631.3 _bF32 |
||
| 100 | 0 | 0 |
_aFarrington, J. _939809 |
| 245 | _aFarm power in Sri Lanka | ||
| 260 |
_a(s.l.) : _bUniversity of Reading Dept. of Agricultural Economics & Management, _c1982 |
||
| 300 | _a272 p. | ||
| 490 |
_aDevelopment study _v; 22 |
||
| 590 |
_aBATCH-UPD _b10 _c20130109 _lUCH01 _h2337 |
||
| 590 |
_aBATCH-UPD _b10 _c20130110 _lUCH01 _h0422 |
||
| 590 |
_aBATCH-UPD _b10 _c20130110 _lUCH01 _h2112 |
||
| 590 |
_aBATCH-UPD _b10 _c20130410 _lUCH01 _h0057 |
||
| 590 |
_aBATCH-UPD _b10 _c20130914 _lUCH01 _h1157 |
||
| 590 |
_aCONVERSION _b10 _c20130109 _lUCH01 _h1327 |
||
| 650 | 1 | 4 |
_aMaquinaria agrícola. _971151 |
| 650 | 1 | 4 |
_aMecanización agrícola. _973801 |
| 700 | 0 |
_aAbeyratne, F. _9222 |
|
| 830 | 0 |
_aDevelopment study _v; 22 _932263 |
|
| 901 | _aBK | ||
| 942 | _cLIBRO | ||
| 949 |
_a631.3 F32 _bBC _cLIBRO _d33724000057402 _eLIBRO _h60379 _i54548 _si |
||
| 999 |
_c49426 _d49426 |
||